Savaştan Barışa Balkan Savaşları (Record no. 11969)

MARC details
000 -BAŞLIK
Sabit Uzunlukta Kontrol Alanı 00855na a2200277 4500
001 - KONTROL NUMARASI
Denetim Alanı 24276
003 - KONTROL NUMARASI IDENTIFIER
Denetim Alanı MIRAKIL
005 - SON İŞLEM TARİHİ VE ZAMANI
Denetim Alanı 20181226104238.0
008 - SABİT-BOY VERİ ELEMANLARI - GENEL BİLGİLER
Sabit Uzunlukta Kontrol Alanı 180905b tu 000 0
020 ## - ULUSLARARASI STANDART KİTAP NUMARASI
Uluslararası Standart Kitap Numarası 9786058705883
035 ## - SİSTEM KONTROL NUMARASI
Sistem Kontrol Numarası 16564
041 ## - DİL KODU
Metin / Ses Parça Veya Ayrı Başlığın Dil Kodu tur
082 ## - DEWEY ONLU SINIFLANDIRMA NUMARASI
Sınıflandırma Numarası 956.101543
Ürün Numarası S28 2013
090 ## - SINIFLAMA NUMARASI
Sınıflama Numarası 956.101543 S28 2013
245 ## - BAŞLIK TABLOSU
Başlık Savaştan Barışa Balkan Savaşları
Başlığın Kalan 100. yılı sempozyum bildirileri
Sorumluluk Tablosu, Vb editör Bilgin Çelik
260 ## - YAYIN, DAĞITIM, VB
Yayın, Dağıtım, Vb Yeri İzmir
Yayıncı, Dağıtıcı, Vs Adı Konak Belediyesi Kültür yayınları
Yayın, Dağıtım, Vb Tarihi 2013
300 ## - FİZİKSEL TANIM
Kapsam 343 s.
Boyutlar 20 sm.
440 ## - SERİSİ TABLOSU / KATMA GİRİŞİ - BAŞLIK
Başlık Konak Belediyesi Kültür Yayınları
Hacim / Ardışık Tanımı 18
500 ## - GENEL NOT
Genel Not Kaynakça bölüm sonlarındadır.
504 ## - KAYNAKÇA VB NOT
Kaynakça Vb Notu Kaynakça var.
650 ## - KONU KATMA GİRİŞ - TOPİKAL DÖNEM
Topikal Süreli Veya Coğrafi Ad Giriş Elemanı Balkan Savaşları
Genel Alt Bölümü Toplantılar
700 ## - KATMA GİRİŞ - KİŞİSEL İSİM
Kişisel Ad Çelik, Bilgin
942 ## - EKLENDİ GİRİŞ ELEMANLARI (KOHA)
Sınıflandırma Veya Raf Düzeni Kaynak Dewey Decimal Classification
Koha Öğesi Türü Books
040 ## - KATALOGLAMA KAYNAK
Orijinal Kataloglama Ajansı Milas
Kataloglama Dili tur
Metne Dönüştürmek Ajansı TR-AnCHP
999 ## - SİSTEM KONTROL NUMARALARI (KOHA)
Koha Biblionumber 11969
Koha Biblioitemnumber 11969
657 ## - INDEX SÜRE - İŞLEVİ
-- Balkan savaşları tarihi
Holdings
Kullanım Kısıtlamaları Kalıcı Konum Mevcut Konum Edinme Tarihi Toplam Check-Out'Lar Tam Çağrı Numarası Barkod Tarih Son Görülme İtibaren Geçerli Fiyatlar Sigara Kamu Notu Koha Öğesi Türü
  Parti Okulu Kütüphanesi Parti Okulu Kütüphanesi 09/05/2018   956.101543 S28 2013 P00067 09/05/2018 09/05/2018 Books